[Event "18th CRO-chT(b)"]
[Site "Sibenik CRO"]
[Date "2009.09.21"]
[Round "1.11"]
[White "Kosic, Dragan"]
[Black "Sedlak, Nikola"]
[Result "1/2-1/2"]
[WhiteElo "2495"]
[BlackElo "2571"]
[PlyCount "40"]
[EventDate "2009.09.21"]
[EventType "team"]
[EventRounds "9"]
[EventCountry "CRO"]

1. d4 e6 2. e4 d5 3. exd5 exd5 4. Bd3 Nc6 5. c3 Bd6 6. Qf3 Nge7 7. Ne2 O-O 8.
Bf4 Bxf4 9. Nxf4 Qd6 10. O-O Nd8 11. Nd2 Ne6 12. Nxe6 Bxe6 13. Qg3 Qxg3 14.
hxg3 Nc8 15. Rfe1 Nd6 16. f3 Rfe8 17. g4 f6 18. Kf2 Bf7 19. Rxe8+ Rxe8 20. Rh1
Bg6 1/2-1/2

[Event "18th CRO-chT(b)"]
[Site "Sibenik CRO"]
[Date "2009.09.21"]
[Round "1.12"]
[White "Skoberne, Jure"]
[Black "Bosiocic, Marin"]
[Result "1/2-1/2"]
[WhiteElo "2499"]
[BlackElo "2571"]
[PlyCount "56"]
[EventDate "2009.09.21"]
[EventType "team"]
[EventRounds "9"]
[EventCountry "CRO"]

1. c4 b6 2. Nf3 Bb7 3. d4 e6 4. g3 Bb4+ 5. Bd2 Bxf3 6. exf3 Bxd2+ 7. Qxd2 Nc6
8. f4 Nf6 9. Nc3 O-O 10. Bg2 d5 11. O-O-O Na5 12. b3 c6 13. Rhe1 Qd6 14. cxd5
cxd5 15. f5 Rac8 16. Kb1 exf5 17. Re5 Nc6 18. Rxf5 Qe6 19. Qf4 Ne7 20. Re5 Ng6
21. Rxe6 Nxf4 22. Rxf6 gxf6 23. Nxd5 Nxd5 24. Bxd5 b5 25. Be4 Rfd8 26. Kb2 b4
27. d5 h6 28. Rd4 a5 1/2-1/2

[Event "18th CRO-chT(b)"]
[Site "Sibenik CRO"]
[Date "2009.09.21"]
[Round "1.13"]
[White "Miladinovic, Igor"]
[Black "Medak, Bojan"]
[Result "1-0"]
[WhiteElo "2547"]
[BlackElo "2359"]
[PlyCount "37"]
[EventDate "2009.09.21"]
[EventType "team"]
[EventRounds "9"]
[EventCountry "CRO"]

1. d4 d6 2. c4 e5 3. Nc3 c6 4. Nf3 Nd7 5. e4 Ngf6 6. Be2 Be7 7. O-O O-O 8. Re1
Re8 9. Bf1 Qc7 10. b3 Bf8 11. Bb2 a5 12. d5 Nc5 13. Rb1 Qb6 14. h3 Nh5 15. Bc1
f5 16. Nh4 Ng3 17. fxg3 Nxe4+ 18. Be3 Nxc3 19. Qc2 1-0

[Event "18th CRO-chT(b)"]
[Site "Sibenik CRO"]
[Date "2009.09.21"]
[Round "1.14"]
[White "Tomerlin, Sinisa"]
[Black "Mufic, Goran"]
[Result "1-0"]
[WhiteElo "2313"]
[BlackElo "2324"]
[PlyCount "57"]
[EventDate "2009.09.21"]
[EventType "team"]
[EventRounds "9"]
[EventCountry "CRO"]

1. e4 c6 2. d3 d5 3. Nd2 g6 4. Ngf3 Bg7 5. Be2 Nf6 6. O-O O-O 7. Re1 dxe4 8.
dxe4 Qc7 9. c3 Nbd7 10. Qc2 Nc5 11. Bf1 a5 12. a4 h6 13. Nc4 Be6 14. Nd4 Ng4
15. g3 Bxc4 16. Bxc4 e5 17. Nb3 Nxb3 18. Qxb3 h5 19. h3 Nf6 20. Be3 h4 21. g4
Nh7 22. Rad1 Bf6 23. Qb6 Rfc8 24. Qxc7 Rxc7 25. Bb6 Re7 26. Rd6 Kg7 27. Kg2 Bg5
28. Red1 Kf8 29. Rd8+ 1-0

[Event "18th CRO-chT(b)"]
[Site "Sibenik CRO"]
[Date "2009.09.21"]
[Round "1.15"]
[White "Vlahov, Davor"]
[Black "Sasvari, Zelimir"]
[Result "1-0"]
[WhiteElo "2236"]
[BlackElo "2239"]
[PlyCount "71"]
[EventDate "2009.09.21"]
[EventType "team"]
[EventRounds "9"]
[EventCountry "CRO"]

1. d4 c5 2. d5 e5 3. e4 a6 4. a4 d6 5. Nc3 Be7 6. h3 Bg5 7. Nf3 Bxc1 8. Qxc1
Ne7 9. Nd2 Nd7 10. a5 O-O 11. Nc4 Nf6 12. f4 exf4 13. Qxf4 Ne8 14. Bd3 Ng6 15.
Qg3 f6 16. Na4 Ne5 17. Nab6 Rb8 18. O-O Bd7 19. Nxe5 fxe5 20. Rxf8+ Kxf8 21.
Rf1+ Kg8 22. Be2 Nc7 23. Bh5 Be8 24. Bg4 Qg5 25. Qf3 h5 26. Qf8+ Kh7 27. Bf5+
g6 28. Bd7 Qh6 29. Qxd6 Qe3+ 30. Kh2 Nb5 31. Bxb5 h4 32. Qxb8 Qg3+ 33. Kh1 Bxb5
34. c4 Qd3 35. Qf8 Be8 36. d6 1-0

[Event "18th CRO-chT(b)"]
[Site "Sibenik CRO"]
[Date "2009.09.21"]
[Round "1.16"]
[White "Dulic, Grgur"]
[Black "Sikanjic, Bojan"]
[Result "0-1"]
[WhiteElo "2209"]
[BlackElo "2170"]
[PlyCount "136"]
[EventDate "2009.09.21"]
[EventType "team"]
[EventRounds "9"]
[EventCountry "CRO"]

1. e4 c5 2. Nf3 Nc6 3. d4 cxd4 4. Nxd4 e5 5. Nb5 d6 6. N1c3 a6 7. Na3 b5 8. Nd5
Nf6 9. Bg5 Be7 10. Bxf6 Bxf6 11. c3 Bg5 12. Nc2 O-O 13. a4 Rb8 14. axb5 axb5
15. Bd3 Be6 16. Ncb4 Nxb4 17. Nxb4 Qd7 18. O-O Kh8 19. Qe2 f5 20. exf5 Bxf5 21.
Bxf5 Rxf5 22. Ra6 Rbf8 23. f3 d5 24. Rd1 e4 25. fxe4 dxe4 26. Raa1 Qb7 27. Rf1
h6 28. Rxf5 Rxf5 29. Nc2 e3 30. Rf1 Re5 31. Nd4 Bf6 32. Rf3 Bg5 33. Rf8+ Kh7
34. Nf3 Qe7 35. Rb8 Re4 36. Rxb5 Bf6 37. Rd5 Ra4 38. Qc2+ Re4 39. Rd3 Kh8 40.
Qe2 Re6 41. Nd4 Re4 42. Nf5 Qa7 43. Ng3 Re8 44. Nf1 Bd8 45. b4 Qb6 46. g3 Qe6
47. Rd1 Bb6 48. c4 Qxc4 49. Re1 Qxb4 50. Kg2 Ba5 51. Rd1 Qe4+ 52. Kg1 Re6 53.
Rc1 Bb6 54. Re1 Rf6 55. Nxe3 Rf3 56. Qg2 Rxe3 57. Rxe3 Bxe3+ 58. Kf1 Qxg2+ 59.
Kxg2 Kg8 60. Kf3 Bc1 61. Kg4 Kf7 62. h4 Kf6 63. Kf3 Kf5 64. g4+ Ke5 65. Kg3 Ke4
66. h5 Bg5 67. Kg2 Kf4 68. Kh3 Bf6 0-1

[Event "18th CRO-chT(b)"]
[Site "Sibenik CRO"]
[Date "2009.09.21"]
[Round "1.21"]
[White "Kazhgaleyev, Murtas"]
[Black "Martinovic, Sasa"]
[Result "1-0"]
[WhiteElo "2643"]
[BlackElo "2516"]
[PlyCount "49"]
[EventDate "2009.09.21"]
[EventType "team"]
[EventRounds "9"]
[EventCountry "CRO"]

1. d4 Nf6 2. c4 g6 3. Nc3 Bg7 4. e4 d6 5. h3 O-O 6. Bg5 Na6 7. Bd3 e5 8. d5 Qe8
9. g4 Nd7 10. a4 Nac5 11. Bc2 f5 12. f3 fxe4 13. fxe4 Bf6 14. Bxf6 Nxf6 15. b4
Na6 16. Qd2 Qf7 17. O-O-O Nd7 18. Nge2 Nb6 19. Bb3 c6 20. dxc6 Be6 21. Rhf1
Qxf1 22. Rxf1 Rxf1+ 23. Kc2 Nxc4 24. cxb7 Rd8 25. Qd3 1-0

[Event "18th CRO-chT(b)"]
[Site "Sibenik CRO"]
[Date "2009.09.21"]
[Round "1.22"]
[White "Gagarin, Vasilij"]
[Black "Shchekachev, Andrei"]
[Result "1/2-1/2"]
[WhiteElo "2422"]
[BlackElo "2539"]
[PlyCount "26"]
[EventDate "2009.09.21"]
[EventType "team"]
[EventRounds "9"]
[EventCountry "CRO"]

1. e4 e5 2. Nf3 Nc6 3. Bb5 Bc5 4. c3 Nf6 5. O-O O-O 6. d4 Bb6 7. dxe5 Nxe4 8.
Qd5 Nc5 9. Bg5 Ne7 10. Qd1 Ne4 11. Bh4 d5 12. exd6 Nxd6 13. Re1 f6 1/2-1/2

[Event "18th CRO-chT(b)"]
[Site "Sibenik CRO"]
[Date "2009.09.21"]
[Round "1.24"]
[White "Stipic, Marko"]
[Black "Samovojska, Damir"]
[Result "1/2-1/2"]
[WhiteElo "2223"]
[BlackElo "2307"]
[PlyCount "118"]
[EventDate "2009.09.21"]
[EventType "team"]
[EventRounds "9"]
[EventCountry "CRO"]

1. d3 d5 2. Nf3 g6 3. Nbd2 Bg7 4. e4 b6 5. g3 Bb7 6. Bg2 e5 7. O-O dxe4 8. Nxe4
Nc6 9. Re1 Qd7 10. Bg5 h6 11. Nxe5 Nxe5 12. Nf6+ Nxf6 13. Rxe5+ Kf8 14. Bxb7
Rb8 15. Bxf6 Bxf6 16. Re1 Bxb2 17. Ba6 b5 18. a4 c6 19. Ra2 Bc3 20. Re4 Kg7 21.
axb5 Qd5 22. Ra3 Bd4 23. bxc6 Bb6 24. Rc3 Qa5 25. c7 Bxc7 26. Rc6 Rhe8 27. Bc4
Rxe4 28. dxe4 Be5 29. Qd7 Rf8 30. Kg2 Qa1 31. Ra6 Qd4 32. Qd5 h5 33. Qxd4 Bxd4
34. Rd6 Bc5 35. Rd7 a5 36. e5 a4 37. e6 Kf6 38. exf7 Rc8 39. Rd2 Bb4 40. Rd4
Bf8 41. Rf4+ Ke5 42. Ba6 Rxc2 43. Rxa4 g5 44. Be2 Kf6 45. Ra8 Kxf7 46. Bxh5+
Kg7 47. Ra7+ Kh6 48. Rf7 Bc5 49. Bg4 Kg6 50. Bf5+ Kxf7 51. Bxc2 Kf6 52. Kf3 Bb6
53. Be4 Bc5 54. Bc6 Bb6 55. Bd7 Bc5 56. Kg2 Bb6 57. f3 Bc5 58. Kh3 Bg1 59. Kg2
Bc5 1/2-1/2

[Event "18th CRO-chT(b)"]
[Site "Sibenik CRO"]
[Date "2009.09.21"]
[Round "1.25"]
[White "Jukic, Zdenko"]
[Black "Bubicic, Josip"]
[Result "1-0"]
[WhiteElo "2279"]
[BlackElo "2090"]
[PlyCount "81"]
[EventDate "2009.09.21"]
[EventType "team"]
[EventRounds "9"]
[EventCountry "CRO"]

1. Nf3 Nf6 2. d4 g6 3. c3 Bg7 4. Nbd2 d5 5. e3 c5 6. dxc5 Qc7 7. b4 b6 8. Qa4+
Bd7 9. cxb6 Qxb6 10. Qb3 a5 11. b5 a4 12. Qb4 O-O 13. Qxe7 Re8 14. Qb4 Ng4 15.
Nd4 Nxe3 16. fxe3 Rxe3+ 17. Kd1 Bg4+ 18. Be2 Bf8 19. Qb2 a3 20. Qb3 Rxe2 21.
Nxe2 Qf2 22. Re1 Qxg2 23. c4 Bd6 24. Qe3 Nd7 25. h3 Bh5 26. Kc2 g5 27. Rg1 Bg6+
28. Kd1 Qh2 29. Rxg5 d4 30. Qxd4 Re8 31. Nc3 Nc5 32. Bxa3 Be5 33. Qe3 Nd3 34.
Qxd3 Qh1+ 35. Qf1 Qa8 36. Bb2 Bxc3 37. Rxg6+ hxg6 38. Bxc3 Qa4+ 39. Nb3 Re6 40.
Kd2 Qa8 41. Re1 1-0

[Event "18th CRO-chT(b)"]
[Site "Sibenik CRO"]
[Date "2009.09.21"]
[Round "1.26"]
[White "Zezelj, Vladislav"]
[Black "Zovko, Mario"]
[Result "1/2-1/2"]
[WhiteElo "2094"]
[BlackElo "2197"]
[PlyCount "44"]
[EventDate "2009.09.21"]
[EventType "team"]
[EventRounds "9"]
[EventCountry "CRO"]

1. d4 d5 2. c4 e6 3. Nc3 c5 4. cxd5 exd5 5. Nf3 Nc6 6. e3 Nf6 7. Be2 Bd6 8. O-O
O-O 9. Nb5 Be7 10. dxc5 Ne4 11. Nbd4 Bxc5 12. a3 Bg4 13. Nxc6 bxc6 14. Nd4 Bxd4
15. Bxg4 Be5 16. g3 f5 17. Bf3 Rb8 18. Qc2 Qb6 19. Rb1 Nc3 20. Ra1 Ne4 21. Rb1
Nc3 22. Ra1 Ne4 1/2-1/2

[Event "18th CRO-chT(b)"]
[Site "Sibenik CRO"]
[Date "2009.09.21"]
[Round "1.32"]
[White "Bogut, Zeljko"]
[Black "Gonda, Laszlo"]
[Result "0-1"]
[WhiteElo "2442"]
[BlackElo "2486"]
[PlyCount "68"]
[EventDate "2009.09.21"]
[EventType "team"]
[EventRounds "9"]
[EventCountry "CRO"]

1. e4 e5 2. Nf3 Nc6 3. Bc4 Bc5 4. c3 Nf6 5. d3 a6 6. Bb3 Ba7 7. O-O d6 8. Re1
O-O 9. Nbd2 Ng4 10. Re2 Kh8 11. h3 Nh6 12. g4 f6 13. Nf1 Nf7 14. Kg2 Ng5 15.
Ng3 g6 16. Re1 Ne6 17. a3 Qe7 18. Ng1 Qg7 19. N1e2 f5 20. Bxe6 Bxe6 21. f3 f4
22. Nh1 Qf6 23. Nf2 h5 24. Rh1 Kg7 25. b4 Rh8 26. Bb2 hxg4 27. hxg4 Rxh1 28.
Qxh1 Rh8 29. Qg1 Be3 30. Bc1 Qh4 31. Kf1 Bxf2 32. Qxf2 Qh1+ 33. Ng1 Rh2 34. Ra2
Bxa2 0-1

[Event "18th CRO-chT(b)"]
[Site "Sibenik CRO"]
[Date "2009.09.21"]
[Round "1.33"]
[White "Komljenovic, Davorin"]
[Black "Jusic, Zdenko"]
[Result "0-1"]
[WhiteElo "2433"]
[BlackElo "2371"]
[PlyCount "140"]
[EventDate "2009.09.21"]
[EventType "team"]
[EventRounds "9"]
[EventCountry "CRO"]

1. d4 Nf6 2. c4 g6 3. Nc3 d6 4. e4 Bg7 5. Nf3 O-O 6. h3 e5 7. d5 Na6 8. Bg5 h6
9. Be3 c6 10. Nd2 cxd5 11. cxd5 Nh5 12. Nb5 Nc7 13. Nxa7 Bd7 14. a4 f5 15. exf5
Nf4 16. Bb6 Qb8 17. Nb5 Nfxd5 18. Qb3 Kh8 19. Nc4 Ra6 20. a5 Nxb6 21. Nxb6 Bxf5
22. g3 Ne6 23. Be2 Ng5 24. Nc3 Nxh3 25. Rh2 Ng5 26. Qd1 Be6 27. Qd2 Qd8 28. f4
Rxa5 29. Rxa5 Qxb6 30. Rg2 exf4 31. gxf4 Qxa5 32. fxg5 h5 33. Bd3 Qa1+ 34. Nd1
Bd5 35. Rf2 Re8+ 36. Re2 Be5 37. Bxg6 Bg3+ 38. Kf1 Rf8+ 39. Kg1 Qa7+ 40. Qe3
Qxe3+ 41. Nxe3 Bf3 42. Rc2 Bf4 43. Nc4 b5 44. Nd2 Bd1 45. Rc1 Ba4 46. b3 Bxd2
47. Rb1 Rg8 48. Bd3 Rxg5+ 49. Kf2 Re5 50. Bc2 Rc5 51. Bd1 Bxb3 52. Rxb3 Bc3 53.
Be2 b4 54. Rb1 Rf5+ 55. Ke3 Kg7 56. Rd1 Re5+ 57. Kf2 d5 58. Bf3 d4 59. Be2 b3
60. Bd3 Re3 61. Rg1+ Kf6 62. Bh7 b2 63. Rg6+ Kf7 64. Rb6 h4 65. Bg6+ Ke7 66.
Bh7 Re5 67. Bb1 Kd7 68. Bh7 Kc7 69. Rb3 h3 70. Kg3 h2 0-1

[Event "18th CRO-chT(b)"]
[Site "Sibenik CRO"]
[Date "2009.09.21"]
[Round "1.34"]
[White "Bender, Ivan"]
[Black "Orak, Ljubomir"]
[Result "1-0"]
[WhiteElo "2275"]
[BlackElo "2341"]
[PlyCount "179"]
[EventDate "2009.09.21"]
[EventType "team"]
[EventRounds "9"]
[EventCountry "CRO"]

1. e4 e5 2. Nf3 Nc6 3. Bb5 a6 4. Ba4 Nf6 5. O-O Be7 6. Re1 b5 7. Bb3 d6 8. c3
O-O 9. h3 Na5 10. Bc2 c5 11. d4 Qc7 12. Nbd2 Nc6 13. dxc5 dxc5 14. Nh2 Be6 15.
Ndf1 Rfd8 16. Qf3 b4 17. Ng3 bxc3 18. bxc3 Qa5 19. Rd1 Rxd1+ 20. Bxd1 Rd8 21.
Be2 h6 22. Nhf1 Nh7 23. Nf5 Bg5 24. Bxg5 Nxg5 25. Qe3 Qa4 26. Qxc5 Qxe4 27.
N1g3 Qc2 28. Nxh6+ gxh6 29. Qxc6 Qb2 30. Rf1 Rc8 31. Qxa6 Rxc3 32. a4 Qb4 33.
Qb5 Qxb5 34. axb5 Rb3 35. Rd1 Kf8 36. h4 Nh7 37. Ne4 Rb2 38. Bd3 Ke7 39. Nc5
Nf8 40. Nxe6 Nxe6 41. Rb1 Rxb1+ 42. Bxb1 Kd6 43. Bd3 Nc5 44. Be2 f5 45. g4 fxg4
46. Bxg4 Ne4 47. Be2 Nc3 48. Bf1 Na4 49. Bg2 Nc3 50. Bc6 Na4 51. Kg2 Ke6 52.
Kf3 Kf5 53. Bd7+ Kg6 54. Kg4 Kf6 55. Bc6 Kg6 56. Be4+ Kf6 57. Kf3 Ke6 58. Ke3
Kd6 59. Bf3 Ke6 60. Bd1 Nc3 61. Bg4+ Kd6 62. Be2 Kc5 63. Bf1 Kd6 64. Kf3 Kc5
65. Kg3 Ne4+ 66. Kg2 Nf6 67. Kf3 Kb6 68. Be2 Kc5 69. Ke3 Kb6 70. Bd3 Kc5 71.
Bf1 Kb6 72. f3 Kc5 73. Kf2 Nh5 74. Be2 Nf4 75. Bf1 Nh5 76. Bd3 Nf6 77. Kg3 Kb6
78. Bf1 Kc5 79. Be2 Kb6 80. f4 exf4+ 81. Kxf4 Nd5+ 82. Ke5 Kc5 83. Bf3 Ne3 84.
Bc6 Nf1 85. Be8 Ng3 86. Kf4 Ne2+ 87. Kg4 Nd4 88. Kh5 Nf5 89. Bd7 Nxh4 90. Kxh4
1-0

[Event "18th CRO-chT(b)"]
[Site "Sibenik CRO"]
[Date "2009.09.21"]
[Round "1.36"]
[White "Ivankovic, Ivo"]
[Black "Vujec, Ivan"]
[Result "1/2-1/2"]
[WhiteElo "2117"]
[BlackElo "1977"]
[PlyCount "69"]
[EventDate "2009.09.21"]
[EventType "team"]
[EventRounds "9"]
[EventCountry "CRO"]

1. c4 Nf6 2. Nc3 c5 3. Nf3 Nc6 4. g3 g6 5. Bg2 d6 6. O-O Bg7 7. d4 cxd4 8. Nxd4
Nxd4 9. Qxd4 O-O 10. Qh4 Rb8 11. Bh6 Bxh6 12. Qxh6 Be6 13. b3 Qa5 14. Qe3 Ng4
15. Qd4 Qh5 16. h3 Nf6 17. g4 Qa5 18. Nd5 Bxd5 19. Bxd5 Nxd5 20. Qxd5 Qxd5 21.
cxd5 Rfc8 22. Rfc1 f5 23. f4 Kf7 24. Kf2 Rc5 25. Rxc5 dxc5 26. Kf3 Rd8 27. Rd1
Rd6 28. e4 fxe4+ 29. Kxe4 e6 30. a4 b6 31. Rd3 exd5+ 32. Rxd5 Re6+ 33. Re5 Rd6
34. Rd5 Re6+ 35. Re5 1/2-1/2

[Event "18th CRO-chT(b)"]
[Site "Sibenik CRO"]
[Date "2009.09.21"]
[Round "1.41"]
[White "Stevic, Hrvoje"]
[Black "Sax, Gyula"]
[Result "1/2-1/2"]
[WhiteElo "2624"]
[BlackElo "2524"]
[PlyCount "45"]
[EventDate "2009.09.21"]
[EventType "team"]
[EventRounds "9"]
[EventCountry "CRO"]

1. e4 c5 2. c3 d5 3. exd5 Qxd5 4. d4 Nf6 5. Nf3 e6 6. Be3 cxd4 7. cxd4 Bb4+ 8.
Nc3 O-O 9. Be2 Bd7 10. O-O Bxc3 11. bxc3 Bb5 12. Rb1 Bxe2 13. Qxe2 Nbd7 14. c4
Qc6 15. Rfc1 Rac8 16. Qb2 b6 17. Qa3 Qb7 18. h3 Rc6 19. Bf4 Rfc8 20. Qa4 h6 21.
Qb5 Ne4 22. a4 Nd6 23. Bxd6 1/2-1/2

[Event "18th CRO-chT(b)"]
[Site "Sibenik CRO"]
[Date "2009.09.21"]
[Round "1.42"]
[White "Rogulj, Branko"]
[Black "Pinter, Jozsef"]
[Result "0-1"]
[WhiteElo "2453"]
[BlackElo "2569"]
[PlyCount "86"]
[EventDate "2009.09.21"]
[EventType "team"]
[EventRounds "9"]
[EventCountry "CRO"]

1. e4 e5 2. Nf3 Nc6 3. Bb5 a6 4. Ba4 Nf6 5. O-O Be7 6. Re1 b5 7. Bb3 O-O 8. a4
b4 9. d4 d6 10. c3 Rb8 11. h3 bxc3 12. bxc3 exd4 13. cxd4 d5 14. exd5 Nxd5 15.
Bxd5 Qxd5 16. Nc3 Qd8 17. Bf4 Bf5 18. Rc1 Ba3 19. d5 Bxc1 20. Bxc1 Nb4 21. Nd4
Bd7 22. Qf3 Re8 23. Rd1 Qf6 24. Bf4 Rbc8 25. a5 Qg6 26. Rb1 Na2 27. Rb3 Nxc3
28. Rxc3 Qb1+ 29. Kh2 Qb4 30. Nb3 Ba4 31. Nc5 Bb5 32. Qg3 g6 33. Be5 Rcd8 34.
Bxc7 Rxd5 35. Bb6 Rd1 36. Re3 Rxe3 37. fxe3 h5 38. Qb8+ Kh7 39. Qc7 Qc4 40. Qe5
Bc6 41. e4 Qf1 42. h4 Qg1+ 43. Kg3 Rd2 0-1

[Event "18th CRO-chT(b)"]
[Site "Sibenik CRO"]
[Date "2009.09.21"]
[Round "1.43"]
[White "Kovacevic, Aleksandar"]
[Black "Rezan, Sasa"]
[Result "1-0"]
[WhiteElo "2562"]
[BlackElo "2431"]
[PlyCount "91"]
[EventDate "2009.09.21"]
[EventType "team"]
[EventRounds "9"]
[EventCountry "CRO"]

1. e4 c5 2. Nf3 e6 3. d4 cxd4 4. Nxd4 a6 5. c4 Nf6 6. Nc3 d6 7. Be2 Nbd7 8. Be3
b6 9. O-O Bb7 10. f3 Rc8 11. Rc1 Be7 12. a3 O-O 13. Qd2 Qc7 14. b4 Qb8 15. Rc2
Bd8 16. Kh1 Bc7 17. Bg1 Kh8 18. Rb1 Qa8 19. Na4 Rfd8 20. Qc1 Bb8 21. c5 dxc5
22. bxc5 bxc5 23. Nxc5 Nxc5 24. Rxc5 Rxc5 25. Qxc5 Ba7 26. Qb4 Rd7 27. Nb3 Bxg1
28. Kxg1 Rc7 29. Na5 Qa7+ 30. Qb6 Qxb6+ 31. Rxb6 Bc8 32. Rc6 Rxc6 33. Nxc6 Nd7
34. Kf2 g5 35. Ke3 Kg7 36. Kd4 Kf6 37. e5+ Kg7 38. Nb4 a5 39. Nc6 a4 40. Ne7
Bb7 41. Bb5 Nb8 42. Kc5 Kf8 43. Nc6 Nd7+ 44. Kd6 Nb6 45. Kc7 Bxc6 46. Kxb6 1-0

[Event "18th CRO-chT(b)"]
[Site "Sibenik CRO"]
[Date "2009.09.21"]
[Round "1.44"]
[White "Sinanovic, Muhamed"]
[Black "Njirjak, Josip"]
[Result "1/2-1/2"]
[WhiteElo "2386"]
[BlackElo "2381"]
[PlyCount "97"]
[EventDate "2009.09.21"]
[EventType "team"]
[EventRounds "9"]
[EventCountry "CRO"]

1. c4 Nf6 2. Nf3 c6 3. d4 d5 4. cxd5 cxd5 5. Nc3 Nc6 6. Bf4 e6 7. e3 Be7 8. Bd3
Nh5 9. Be5 Nxe5 10. Nxe5 Nf6 11. O-O O-O 12. f4 g6 13. Rf3 Nd7 14. Rg3 Nxe5 15.
fxe5 f5 16. Ne2 Rf7 17. Nf4 Rg7 18. Rc1 Bd7 19. Rf3 Qb6 20. Rf2 Bg5 21. Bf1 Rc8
22. Rfc2 Rxc2 23. Rxc2 Rf7 24. g3 Kg7 25. Qd3 Be7 26. Qc3 Bb4 27. Qd3 Rf8 28.
a3 Be7 29. Qd2 Rc8 30. Rxc8 Bxc8 31. Be2 h5 32. h3 Bg5 33. Ng2 Bd7 34. h4 Bh6
35. Kf2 Kf7 36. Nf4 Be8 37. Qc3 Bd7 38. b4 Qc6 39. Qb2 Qb6 40. Qa2 Qc7 41. Bd3
Bf8 42. Qb2 Bh6 43. Ke2 Bxf4 44. exf4 a6 45. Qc2 Qxc2+ 46. Bxc2 Bb5+ 47. Kd2
Bc4 48. a4 b5 49. a5 1/2-1/2

[Event "18th CRO-chT(b)"]
[Site "Sibenik CRO"]
[Date "2009.09.21"]
[Round "1.45"]
[White "Krstic, Uros"]
[Black "Paljusaj, Edmond"]
[Result "1-0"]
[WhiteElo "2372"]
[BlackElo "2288"]
[PlyCount "89"]
[EventDate "2009.09.21"]
[EventType "team"]
[EventRounds "9"]
[EventCountry "CRO"]

1. e4 c5 2. Nf3 Nc6 3. d4 cxd4 4. Nxd4 Nf6 5. Nc3 e5 6. Ndb5 d6 7. Bg5 a6 8.
Na3 b5 9. Nd5 Be7 10. Bxf6 Bxf6 11. c3 Ne7 12. Nxf6+ gxf6 13. Be2 Bb7 14. Bf3
d5 15. exd5 Bxd5 16. Nc2 f5 17. Ne3 e4 18. Be2 f4 19. Nxd5 Qxd5 20. Qxd5 Nxd5
21. a4 Ke7 22. O-O-O Nc7 23. Rd4 f5 24. Rhd1 Rhd8 25. Rxd8 Rxd8 26. Rxd8 Kxd8
27. axb5 axb5 28. f3 Ke7 29. g3 exf3 30. Bxf3 Kd6 31. gxf4 Ne6 32. Be2 b4 33.
cxb4 Nxf4 34. Kd2 Nd5 35. b5 Kc5 36. Bd3 h6 37. Bxf5 Kxb5 38. Be6 Nb6 39. Ke3
Kc5 40. Kf4 Kd6 41. Kf5 Na4 42. b3 Nc5 43. Bc4 h5 44. Kg5 h4 45. Kxh4 1-0

[Event "18th CRO-chT(b)"]
[Site "Sibenik CRO"]
[Date "2009.09.21"]
[Round "1.51"]
[White "Grguric, Domagoj"]
[Black "Dizdarevic, Emir"]
[Result "0-1"]
[WhiteElo "1882"]
[BlackElo "2483"]
[PlyCount "88"]
[EventDate "2009.09.21"]
[EventType "team"]
[EventRounds "9"]
[EventCountry "CRO"]

1. e4 e6 2. Nf3 d5 3. Nc3 Nf6 4. e5 Nfd7 5. d4 c5 6. dxc5 Nc6 7. Bf4 Be7 8. h3
Nxc5 9. Bd3 a6 10. O-O b5 11. Ne2 O-O 12. Ned4 Bd7 13. Nxc6 Bxc6 14. Nd4 Bd7
15. Be3 Qc7 16. f4 b4 17. Qe2 a5 18. Kh1 f6 19. Bg1 fxe5 20. fxe5 Rxf1 21. Rxf1
Rf8 22. Qh5 Nxd3 23. Rxf8+ Bxf8 24. cxd3 Qc1 25. Qh4 Qc7 26. Qg5 a4 27. Qe3 Be7
28. Nf3 Be8 29. Qa7 Qxa7 30. Bxa7 Bg6 31. Ne1 b3 32. axb3 axb3 33. Bd4 Bb4 34.
Nf3 h6 35. g4 Bxd3 36. Kg2 Be4 37. Kg3 Kf7 38. h4 Ke8 39. h5 Kd7 40. Kf4 Kc6
41. Kg3 Kb5 42. Be3 Bxf3 43. Kxf3 Bc3 44. Bc1 Bxe5 0-1

[Event "18th CRO-chT(b)"]
[Site "Sibenik CRO"]
[Date "2009.09.21"]
[Round "1.52"]
[White "Filipovic, Branko"]
[Black "Varga, Zoltan"]
[Result "1/2-1/2"]
[WhiteElo "2444"]
[BlackElo "2481"]
[PlyCount "32"]
[EventDate "2009.09.21"]
[EventType "team"]
[EventRounds "9"]
[EventCountry "CRO"]

1. e4 Nf6 2. e5 Nd5 3. d4 d6 4. c4 Nb6 5. exd6 exd6 6. Nc3 Be7 7. Bd3 Nc6 8.
Nge2 Bg4 9. Be3 Bf6 10. h3 Bh5 11. Qd2 O-O 12. b3 d5 13. c5 Bxe2 14. Nxe2 Nc8
15. O-O a5 16. a3 N8e7 1/2-1/2

[Event "18th CRO-chT(b)"]
[Site "Sibenik CRO"]
[Date "2009.09.21"]
[Round "1.53"]
[White "Jurkovic, Ante"]
[Black "Viskic, Pavisa"]
[Result "1-0"]
[WhiteElo "2336"]
[BlackElo "2220"]
[PlyCount "105"]
[EventDate "2009.09.21"]
[EventType "team"]
[EventRounds "9"]
[EventCountry "CRO"]

1. e4 d6 2. d4 Nf6 3. Nc3 g6 4. h3 Bg7 5. Nge2 c6 6. Be3 b5 7. e5 Nfd7 8. exd6
exd6 9. g3 d5 10. Bg2 O-O 11. O-O Nf6 12. a3 Nbd7 13. Nf4 Ne8 14. g4 Nd6 15. b3
a5 16. Re1 Re8 17. Nd3 Ne4 18. Nxe4 dxe4 19. Ne5 Nxe5 20. dxe5 Bxe5 21. Qxd8
Rxd8 22. Rad1 Rxd1 23. Rxd1 f5 24. Rd8+ Kf7 25. Bc5 Bf6 26. Rf8+ Ke6 27. f3
exf3 28. Bxf3 Bb7 29. Rxa8 Bxa8 30. Kf2 f4 31. Be4 a4 32. Kf3 Be5 33. g5 Bb7
34. h4 Kf7 35. bxa4 bxa4 36. c4 Ke6 37. Bc2 Ba6 38. Bxa4 Bxc4 39. Bxc6 Bd5+ 40.
Bxd5+ Kxd5 41. Bb4 Kc4 42. Bd2 Kb3 43. Bxf4 Bc3 44. Bd6 Be1 45. Kg4 Bd2 46. Bb4
Bc1 47. Kf3 h6 48. h5 gxh5 49. g6 Bb2 50. Be7 Kc4 51. Ke4 h4 52. Bxh4 Kc5 53.
Kf5 1-0

[Event "18th CRO-chT(b)"]
[Site "Sibenik CRO"]
[Date "2009.09.21"]
[Round "1.54"]
[White "Grgurevic, Boris"]
[Black "Kaps, Darja"]
[Result "1/2-1/2"]
[WhiteElo "2228"]
[BlackElo "2293"]
[PlyCount "105"]
[EventDate "2009.09.21"]
[EventType "team"]
[EventRounds "9"]
[EventCountry "CRO"]

1. e4 c6 2. d4 d5 3. Nc3 dxe4 4. Nxe4 Nf6 5. Nxf6+ exf6 6. Bf4 Bd6 7. Bg3 Bf5
8. Bd3 Bxd3 9. Qxd3 O-O 10. O-O-O Na6 11. c3 Rc8 12. Ne2 Re8 13. Kb1 Nc7 14.
Rhe1 b5 15. Nc1 Bxg3 16. hxg3 Qd5 17. f3 a5 18. g4 Rxe1 19. Rxe1 Ne6 20. Qe4 g6
21. Nd3 Rd8 22. Nf4 Qxe4+ 23. Rxe4 Nxf4 24. Rxf4 Kg7 25. Re4 Rd5 26. b3 h5 27.
gxh5 Rxh5 28. Kc2 f5 29. Re2 Rh1 30. c4 Ra1 31. Kd3 bxc4+ 32. bxc4 Kf6 33. Kc3
Rd1 34. Rd2 Rc1+ 35. Kb3 Ke6 36. Rc2 Rd1 37. Kc3 Kd6 38. Rd2 Rc1+ 39. Kb3 Rb1+
40. Kc2 Rb4 41. Kc3 Rb1 42. d5 Rc1+ 43. Kb3 a4+ 44. Kb4 c5+ 45. Kb5 Rb1+ 46.
Ka5 Rc1 47. Kb5 Rb1+ 48. Kxa4 Rb4+ 49. Ka3 Rxc4 50. Kb3 Rb4+ 51. Kc3 Ra4 52.
Kb3 Rb4+ 53. Kc2 1/2-1/2

[Event "18th CRO-chT(b)"]
[Site "Sibenik CRO"]
[Date "2009.09.21"]
[Round "1.55"]
[White "Juranic, Bruno"]
[Black "Vlaic, Branko"]
[Result "0-1"]
[WhiteElo "2249"]
[BlackElo "2277"]
[PlyCount "80"]
[EventDate "2009.09.21"]
[EventType "team"]
[EventRounds "9"]
[EventCountry "CRO"]

1. e4 b6 2. d4 Bb7 3. Nc3 e6 4. a3 Nf6 5. Bd3 c5 6. Nf3 d5 7. e5 Nfd7 8. Bf4 a6
9. O-O Be7 10. h3 Nc6 11. Re1 Qc7 12. Bg3 O-O-O 13. Nxd5 exd5 14. e6 Bd6 15.
exd7+ Qxd7 16. Bxd6 Qxd6 17. Ne5 Nxe5 18. Rxe5 g6 19. Qf3 cxd4 20. Rae1 Rd7 21.
Qg4 Kb8 22. Qxd4 Rc8 23. Re8 Ka7 24. b4 Rdc7 25. a4 Rxe8 26. Rxe8 Bc6 27. Re5
f6 28. Re1 Bxa4 29. Ra1 Qc6 30. c4 dxc4 31. Be4 Qd7 32. Qxf6 Bc6 33. Bxc6 Qxc6
34. Qe5 Kb7 35. Qc3 Rd7 36. Re1 Qd5 37. Qh8 Rc7 38. Re8 Ka7 39. b5 c3 40. Rd8
c2 0-1